[Event "IECC CL7-2005.02 email"]
[Site "IECC email"]
[Date "2005.01.22"]
[Round "?"]
[White "Goins, Jonathan"]
[Black "Dockery, Donovan"]
[Result "0-1"]
[WhiteElo "1036"]
[BlackElo "1042"]
[PlyCount "76"]
[EventDate "2005.??.??"]
[EventType "tourn (corr)"]
[EventRounds "4"]
[SourceTitle "Corr 2020"]
[Source "ChessBase"]
[SourceDate "2019.09.30"]
[SourceVersion "1"]
[SourceVersionDate "2019.09.30"]
[SourceQuality "1"]
[WhiteTeam "United States"]
[BlackTeam "United States"]
[WhiteTeamCountry "USA"]
[BlackTeamCountry "USA"]

1. e4 c5 2. Nf3 Nc6 3. d4 cxd4 4. Nxd4 Nf6 5. Nc3 e5 6. Ndb5 a6 7. Nd6+ Bxd6 8. Qxd6 Qe7 9. Qxe7+ Nxe7 10. Bc4 0-0 11. Nd5 Nexd5 12. Bxd5 Nxd5 13. exd5 d6 14. c4 b5 15. b3 bxc4 16. bxc4 Bf5 17. 0-0 Bd3 18. Rd1 Bxc4 19. Be3 Rab8 20. a3 f5 21. Rab1 f4 22. Rxb8 Rxb8 23. Bd2 Bxd5 24. Bc3 Bc6 25. h3 Rb3 26. Rxd6 Rxc3 27. Rd8+ Kf7 28. Rc8 h5 29. f3 g5 30. Kf2 Rc2+ 31. Kg1 g4 32. hxg4 hxg4 33. fxg4 Rxg2+ 34. Kf1 Be4 35. Rc7+ Ke6 36. Rc4 Bd5 37. Rc5 f3 38. Rxd5 Kxd5 0-1

[Event "IECC CL7-2004.06 email"]
[Site "IECC email"]
[Date "2004.04.06"]
[Round "?"]
[White "Mathes, Christian"]
[Black "Dockery, Donovan"]
[Result "1-0"]
[WhiteElo "1184"]
[BlackElo "990"]
[PlyCount "113"]
[EventDate "2004.??.??"]
[EventType "tourn (corr)"]
[EventRounds "4"]
[SourceTitle "Corr 2008"]
[Source "ChessBase"]
[SourceDate "2008.06.24"]
[SourceVersion "1"]
[SourceVersionDate "2008.06.24"]
[SourceQuality "1"]

1. c4 e5 2. Nc3 Nf6 3. Nf3 Bd6 4. g3 b6 5. Bg2 Bb7 6. 0-0 0-0 7. d3 Nc6 8. Rb1 a6 9. Ne1 h6 10. Nc2 Rb8 11. a3 Re8 12. b4 Nd4 13. Bxb7 Nxc2 14. Qxc2 Rxb7 15. e4 Qe7 16. Nd5 Nxd5 17. cxd5 b5 18. Be3 Rc8 19. Rfc1 Qf6 20. Qb2 c6 21. d4 Rbc7 22. f4 exf4 23. e5 Bxe5 24. dxe5 Qf5 25. Bxf4 cxd5 26. Rxc7 Rxc7 27. e6 Rc2 28. exf7+ Kxf7 29. Qe5 Qh3 30. Qxd5+ Qe6 31. Qxe6+ Kxe6 32. Re1+ Kf5 33. Rc1 Rxc1+ 34. Bxc1 d5 35. Kf2 Ke4 36. Ke2 d4 37. Bb2 g6 38. Ba1 d3+ 39. Kd2 Kf3 40. Bg7 h5 41. Be5 Kg2 42. h4 Kf3 43. Kxd3 Kg4 44. Ke4 g5 45. hxg5 Kxg5 46. Kd5 h4 47. gxh4+ Kxh4 48. Kc6 Kg4 49. Kb6 Kf5 50. Bb2 Ke4 51. Kxa6 Kd5 52. Kxb5 Kd6 53. a4 Kc7 54. a5 Kb7 55. a6+ Ka7 56. Ka5 Ka8 57. b5 1-0

[Event "IECC CL8-2004.04 email"]
[Site "IECC email"]
[Date "2004.03.15"]
[Round "?"]
[White "Dockery, Donovan"]
[Black "Ballueder, Volker"]
[Result "1-0"]
[WhiteElo "1001"]
[BlackElo "968"]
[PlyCount "65"]
[EventDate "2004.??.??"]
[EventType "tourn (corr)"]
[EventRounds "4"]
[SourceTitle "Corr 2008"]
[Source "ChessBase"]
[SourceDate "2008.06.24"]
[SourceVersion "1"]
[SourceVersionDate "2008.06.24"]
[SourceQuality "1"]

1. c4 c5 2. Nc3 Nc6 3. g3 Nf6 4. Bg2 g6 5. Nf3 Bg7 6. 0-0 0-0 7. e3 d5 8. b3 d4 9. exd4 cxd4 10. Ne2 d3 11. Nc3 Bg4 12. Qe1 Re8 13. Bb2 Nd4 14. Nxd4 Qxd4 15. Na4 Qd6 16. Bxb7 Rab8 17. Bg2 Be2 18. Bxf6 Bxf6 19. c5 Qd4 20. Rc1 Bxf1 21. Qxf1 e5 22. c6 Rbc8 23. Nc5 Rxc6 24. Bxc6 Rc8 25. Nxd3 e4 26. Bxe4 Rxc1 27. Qxc1 Qxe4 28. Qc8+ Kg7 29. Qa6 Qe2 30. Kg2 Qxd2 31. Nc5 Bd4 32. Ne4 Qe2 33. Qxe2 1-0

[Event "IECC CL7-2004.02 email"]
[Site "IECC email"]
[Date "2004.02.03"]
[Round "?"]
[White "Baznik Wilson, Anthony J"]
[Black "Dockery, Donovan"]
[Result "0-1"]
[WhiteElo "1000"]
[BlackElo "977"]
[PlyCount "62"]
[EventDate "2004.??.??"]
[EventType "tourn (corr)"]
[EventRounds "4"]
[SourceTitle "Corr 2008"]
[Source "ChessBase"]
[SourceDate "2008.06.24"]
[SourceVersion "1"]
[SourceVersionDate "2008.06.24"]
[SourceQuality "1"]

1. d4 f5 2. c4 e6 3. g3 Nf6 4. Bg2 Be7 5. Nc3 0-0 6. Nf3 d6 7. 0-0 c6 8. Qc2 d5 9. Ne5 Nbd7 10. Bf4 a6 11. cxd5 Nxd5 12. Nxd5 cxd5 13. e4 Nxe5 14. dxe5 Qb6 15. Rad1 d4 16. Rfe1 Bd7 17. Bh3 Rac8 18. Qb3 Qxb3 19. axb3 Bc5 20. b4 Ba7 21. g4 fxg4 22. Bxg4 Rxf4 23. Kg2 Rxg4+ 24. Kf3 h5 25. h3 Rf8+ 26. Ke2 Bb5+ 27. Rd3 Rxe4+ 28. Kd2 Rxf2+ 29. Re2 Rexe2+ 30. Kd1 Bxd3 31. b3 Rf1# 0-1

[Event "IECC CL7-2003.23 email"]
[Site "IECC email"]
[Date "2003.10.21"]
[Round "?"]
[White "Dockery, Donovan"]
[Black "Depasse, Jean Marc"]
[Result "0-1"]
[WhiteElo "1055"]
[BlackElo "1179"]
[PlyCount "56"]
[EventDate "2003.??.??"]
[EventType "tourn (corr)"]
[EventRounds "4"]
[SourceTitle "Corr 2008"]
[Source "ChessBase"]
[SourceDate "2008.06.24"]
[SourceVersion "1"]
[SourceVersionDate "2008.06.24"]
[SourceQuality "1"]

1. Nf3 d5 2. g3 Bg4 3. Bg2 Nd7 4. Nc3 Ngf6 5. Nd4 e5 6. Nf3 e4 7. Nd4 Bc5 8. Nb3 0-0 9. d4 Bb4 10. Bd2 Re8 11. 0-0 c6 12. f3 Bxc3 13. Bxc3 Be6 14. Nd2 Nb6 15. fxe4 dxe4 16. Nxe4 Nxe4 17. Bxe4 Bd5 18. Bf3 Bxf3 19. Rxf3 Qe7 20. Kf2 Rad8 21. Qd3 Nd5 22. Re1 Nb4 23. Bxb4 Qxb4 24. c3 Qxb2 25. Rb1 Rxe2+ 26. Kg1 Qxa2 27. Rbf1 Rg2+ 28. Kh1 Rxh2+ 0-1

[Event "IECC Swiss email"]
[Site "IECC email"]
[Date "2003.05.21"]
[Round "?"]
[White "Krunski, Jan Maria"]
[Black "Dockery, Donovan"]
[Result "1-0"]
[WhiteElo "1587"]
[BlackElo "1056"]
[PlyCount "49"]
[EventDate "2003.??.??"]
[EventType "tourn (corr)"]
[EventRounds "6"]
[SourceTitle "Corr 2008"]
[Source "ChessBase"]
[SourceDate "2008.06.24"]
[SourceVersion "1"]
[SourceVersionDate "2008.06.24"]
[SourceQuality "1"]

1. e4 c5 2. Nf3 Nc6 3. Nc3 g6 4. d4 Bg7 5. d5 Ne5 6. Bf4 d6 7. Nxe5 Bxe5 8. Bxe5 dxe5 9. Bb5+ Bd7 10. Bxd7+ Qxd7 11. Qf3 Nf6 12. 0-0 0-0-0 13. a3 Rhf8 14. Qe3 b6 15. b4 Ng4 16. Qe2 f5 17. bxc5 bxc5 18. Rab1 Rf6 19. f3 Nh6 20. Qe3 Qc7 21. Qxh6 e6 22. Nb5 Qe7 23. d6 Qd7 24. Qe3 Qc6 25. Nxa7+ 1-0

[Event "IECC CL7-2003.06 email"]
[Site "IECC email"]
[Date "2003.02.10"]
[Round "?"]
[White "Ballueder, Volker"]
[Black "Dockery, Donovan"]
[Result "0-1"]
[WhiteElo "1080"]
[BlackElo "1031"]
[PlyCount "118"]
[EventDate "2003.??.??"]
[EventType "tourn (corr)"]
[EventRounds "4"]
[SourceTitle "Corr 2008"]
[Source "ChessBase"]
[SourceDate "2008.06.24"]
[SourceVersion "1"]
[SourceVersionDate "2008.06.24"]
[SourceQuality "1"]

1. d4 f5 2. Nc3 e6 3. Nf3 Bb4 4. Bd2 Nf6 5. g3 Nc6 6. Bg2 b6 7. 0-0 Bb7 8. Re1 0-0 9. e4 Bxc3 10. Bxc3 Nxe4 11. Qd3 Rb8 12. a3 a5 13. Ne5 Nxe5 14. dxe5 d6 15. Rad1 d5 16. Bd4 c5 17. Be3 c4 18. Qe2 b5 19. Bxe4 fxe4 20. Rf1 a4 21. Qg4 g6 22. Qxe6+ Rf7 23. f4 Bc8 24. Qd6 Bb7 25. Qxd8+ Rxd8 26. Bb6 Re8 27. h4 Re6 28. Ba5 Rd7 29. Bc3 Kg7 30. f5 gxf5 31. Rxf5 Kg6 32. Rg5+ Kh6 33. Rd4 Rg7 34. Bd2 Rxg5 35. Bxg5+ Kh5 36. Bf4 Kg4 37. Kf2 h5 38. Rd1 Re8 39. Ke2 Re7 40. Rb1 d4 41. b3 axb3 42. cxb3 c3 43. Kd1 d3 44. Rc1 c2+ 45. Kd2 Bd5 46. Kc3 Ra7 47. b4 Rxa3+ 48. Kd4 Bb7 49. e6 d2 50. Bxd2 Rd3+ 51. Ke5 Rxd2 52. e7 Bc6 53. Kf6 e3 54. Kf7 e2 55. e8Q Bxe8+ 56. Kxe8 Rd1 57. Rxc2 e1Q+ 58. Kf7 Rd7+ 59. Kg8 Qe8# 0-1

[Event "IECC CL8-2003.01 email"]
[Site "IECC email"]
[Date "2003.01.05"]
[Round "?"]
[White "Rellias, Paul V"]
[Black "Dockery, Donovan"]
[Result "0-1"]
[WhiteElo "803"]
[BlackElo "1038"]
[PlyCount "72"]
[EventDate "2003.??.??"]
[EventType "tourn (corr)"]
[EventRounds "4"]
[SourceTitle "Corr 2008"]
[Source "ChessBase"]
[SourceDate "2008.06.24"]
[SourceVersion "1"]
[SourceVersionDate "2008.06.24"]
[SourceQuality "1"]

1. d4 f5 2. e3 Nf6 3. Bd3 e6 4. Nf3 Nc6 5. Nc3 Bb4 6. a3 Bxc3+ 7. bxc3 h6 8. c4 d5 9. c5 Qe7 10. c3 Bd7 11. Rb1 b6 12. Ne5 Nxe5 13. dxe5 Ng4 14. f3 Nxe5 15. Be2 Qxc5 16. 0-0 Qxc3 17. f4 Nc4 18. Qd3 Qf6 19. Qd4 Qxd4 20. exd4 0-0 21. Rb4 a5 22. Rb5 Bxb5 23. Bf3 c5 24. Rd1 Rfd8 25. Bb2 Rab8 26. Bc3 Nxa3 27. Re1 Re8 28. Bh5 Re7 29. h3 Nc4 30. Rf1 Nd6 31. Re1 Ne4 32. Bb2 Rc7 33. Rc1 c4 34. Be2 c3 35. Bxb5 cxb2 36. Rb1 Rc1+ 0-1

[Event "IECC CL8-2002.12"]
[Site "IECC email"]
[Date "2002.12.06"]
[Round "?"]
[White "Ladkin, Peter"]
[Black "Dockery, Donovan"]
[Result "0-1"]
[WhiteElo "814"]
[BlackElo "971"]
[PlyCount "56"]
[EventDate "2002.??.??"]
[EventType "tourn (corr)"]
[EventRounds "4"]
[SourceTitle "Corr 2008"]
[Source "ChessBase"]
[SourceDate "2008.06.24"]
[SourceVersion "1"]
[SourceVersionDate "2008.06.24"]
[SourceQuality "1"]

1. e4 c6 2. d4 d5 3. e5 Bf5 4. Nf3 e6 5. Nc3 Bb4 6. Bg5 f6 7. Bh4 Ne7 8. exf6 gxf6 9. Bxf6 Rf8 10. Be5 Nd7 11. Qd2 Qb6 12. Bg7 Rg8 13. Qh6 Bxc3+ 14. bxc3 Qb2 15. Rd1 Bxc2 16. Rd2 Qxc3 17. Be2 Qa1+ 18. Bd1 Bxd1 19. Rxd1 Qxa2 20. Qxh7 Qa5+ 21. Nd2 0-0-0 22. 0-0 Nf5 23. Bh6 Nxd4 24. Ra1 Ne2+ 25. Kh1 Qc5 26. Be3 d4 27. Bf4 Qd5 28. Qh6 Qxg2# 0-1

[Event "IECC M email"]
[Site "IECC email"]
[Date "2001.02.10"]
[Round "?"]
[White "Cunningham, Don"]
[Black "Dockery, Donovan"]
[Result "0-1"]
[WhiteElo "939"]
[BlackElo "972"]
[PlyCount "50"]
[EventDate "2001.??.??"]
[EventType "tourn (corr)"]
[EventRounds "6"]
[SourceTitle "Corr 2008"]
[Source "ChessBase"]
[SourceDate "2008.06.24"]
[SourceVersion "1"]
[SourceVersionDate "2008.06.24"]
[SourceQuality "1"]

1. Nf3 d5 2. b3 Nf6 3. d4 Bf5 4. Ne5 Be4 5. Nd2 Nc6 6. Nxf7 Kxf7 7. Nxe4 dxe4 8. e3 e6 9. Bc4 Bb4+ 10. Bd2 Re8 11. c3 Bd6 12. 0-0 Kg8 13. f3 Kh8 14. Qc2 a6 15. fxe4 e5 16. Bd3 b5 17. d5 Na5 18. Rf3 Rf8 19. c4 Rb8 20. Bxa5 Ng4 21. Raf1 Bc5 22. Qc3 Qh4 23. Rh3 Bxe3+ 24. Kh1 Rxf1+ 25. Bxf1 Nf2+ 0-1

[Event "IECC CL7-2001.03"]
[Site "IECC email"]
[Date "2001.01.16"]
[Round "?"]
[White "Cunningham, Don"]
[Black "Dockery, Donovan"]
[Result "1-0"]
[WhiteElo "914"]
[BlackElo "1000"]
[PlyCount "61"]
[EventDate "2001.??.??"]
[EventType "tourn (corr)"]
[EventRounds "4"]
[SourceTitle "Corr 2008"]
[Source "ChessBase"]
[SourceDate "2008.06.24"]
[SourceVersion "1"]
[SourceVersionDate "2008.06.24"]
[SourceQuality "1"]

1. e4 c6 2. d4 d5 3. Nc3 Nf6 4. e5 Ne4 5. Nxe4 dxe4 6. Ne2 g6 7. Nc3 Bf5 8. g4 Qd7 9. gxf5 Qxf5 10. Be3 Bg7 11. Qe2 0-0 12. Bg2 Nd7 13. Bxe4 Qh3 14. 0-0-0 Kh8 15. Rdg1 e6 16. f4 Bh6 17. Rg3 Qh5 18. Qg2 f5 19. Rh3 Qg4 20. Rxh6 Nb6 21. Qxg4 fxg4 22. Bxg6 Kg7 23. Rxh7+ Kxg6 24. Rxb7 Nc4 25. Re1 Rfb8 26. Rxb8 Rxb8 27. b3 Nxe3 28. Rxe3 Kf5 29. Ne2 Rh8 30. Kd2 Rxh2 31. Rc3 1-0